Turkey's relations with Israel : (Record no. 200439085)

MARC details
000 -LEADER
fixed length control field 01149cam a2200337 i 4500
001 - CONTROL NUMBER
control field 200439085
003 - CONTROL NUMBER IDENTIFIER
control field TR-AnTOB
005 - DATE AND TIME OF LATEST TRANSACTION
control field 20240814073634.0
007 - PHYSICAL DESCRIPTION FIXED FIELD--GENERAL INFORMATION
fixed length control field ta
008 - FIXED-LENGTH DATA ELEMENTS--GENERAL INFORMATION
fixed length control field 170825s2017 tu g 000 0 eng D
020 ## - INTERNATIONAL STANDARD BOOK NUMBER
International Standard Book Number 9786059623308
040 ## - CATALOGING SOURCE
Original cataloging agency TR-AnTOB
Language of cataloging eng
Description conventions rda
Transcribing agency TR-AnTOB
041 0# - LANGUAGE CODE
Language code of text/sound track or separate title İngilizce
050 00 - LIBRARY OF CONGRESS CALL NUMBER
Classification number DS119.8.T8
Item number Ü535 2017
090 ## - LOCALLY ASSIGNED LC-TYPE CALL NUMBER (OCLC); LOCAL CALL NUMBER (RLIN)
Classification number (OCLC) (R) ; Classification number, CALL (RLIN) (NR) DS 119.8.T8
Local cutter number (OCLC) ; Book number/undivided call number, CALL (RLIN) Ü535 2017
100 1# - MAIN ENTRY--PERSONAL NAME
Personal name Ünal, Derviş Fikret
Relator term author
9 (RLIN) 129038
245 10 - TITLE STATEMENT
Title Turkey's relations with Israel :
Remainder of title in the 2000s: a constructivist perspective /
Statement of responsibility, etc. Dr. Derviş Fikret Ünal.
246 23 - VARYING FORM OF TITLE
Title proper/short title In the 2000s: A constructivist perspective.
250 ## - EDITION STATEMENT
Edition statement 2nd edition
264 #1 - PRODUCTION, PUBLICATION, DISTRIBUTION, MANUFACTURE, AND COPYRIGHT NOTICE
Place of production, publication, distribution, manufacture Ankara :
Name of producer, publisher, distributor, manufacturer Astana Yayınları,
Date of production, publication, distribution, manufacture, or copyright notice 2017.
300 ## - PHYSICAL DESCRIPTION
Extent 314 pages ;
Dimensions 24 cm
336 ## - CONTENT TYPE
Content type term text
Source rdacontent
337 ## - MEDIA TYPE
Media type term unmediated
Source rdamedia
338 ## - CARRIER TYPE
Carrier type term volume
Source rdacarrier
504 ## - BIBLIOGRAPHY, ETC. NOTE
Bibliography, etc. note
651 #0 - SUBJECT ADDED ENTRY--GEOGRAPHIC NAME
Geographic name Türkiye
General subdivision Dış ilişkiler
Geographic subdivision İsrail
Source of heading or term etuturkob
9 (RLIN) 30691
Geographic name Türkiye
General subdivision Siyaset ve yönetim
Source of heading or term
9 (RLIN) 120128
Geographic name İsrail
General subdivision Dış ilişkiler
Geographic subdivision Türkiye
Source of heading or term etuturkob
9 (RLIN) 25168
942 ## - ADDED ENTRY ELEMENTS (KOHA)
Source of classification or shelving scheme Library of Congress Classification
Koha item type Book
Holdings
Withdrawn status Lost status Source of classification or shelving scheme Not for loan Collection code Home library Current library Shelving location Date acquired Source of acquisition Inventory number Total Checkouts Full call number Barcode Date last seen Copy number Date shelved Koha item type Public note
    Library of Congress Classification Ödünç Verilebilir / Available Genel Koleksiyon Merkez Kütüphane Merkez Kütüphane Genel Koleksiyon / Main Collection 24/09/2020 Bağış / Donation TAR   DS119.8.T8 Ü535 2017 0062780 20/01/2021 1 22/01/2021 Book Donated by Birgül Demirtaş
Devinim Yazılım Eğitim Danışmanlık tarafından Koha'nın orjinal sürümü uyarlanarak geliştirilip kurulmuştur.